Maternal-neonatal nursing made incredibly easy/ (Record no. 4474)

MARC details
000 -LEADER
fixed length control field 00752nam a22002177a 4500
003 - CONTROL NUMBER IDENTIFIER
control field OSt
005 - DATE AND TIME OF LATEST TRANSACTION
control field 20250918032111.0
008 - FIXED-LENGTH DATA ELEMENTS--GENERAL INFORMATION
fixed length control field 250918b |||||||| |||| 00| 0 eng d
020 ## - INTERNATIONAL STANDARD BOOK NUMBER
International Standard Book Number 13: 978-1-58255-651-2.
040 ## - CATALOGING SOURCE
Original cataloging agency DWC-Main Lib.
Transcribing agency OC
082 ## - DEWEY DECIMAL CLASSIFICATION NUMBER
Edition number 2nd ed.
110 ## - MAIN ENTRY--CORPORATE NAME
Corporate name or jurisdiction name as entry element LIPPINCOTT WILLIAMS & WILKINS.
245 ## - TITLE STATEMENT
Title Maternal-neonatal nursing made incredibly easy/
Statement of responsibility, etc. LIPPINCOTT WILLIAMS & WILKINS.
260 ## - PUBLICATION, DISTRIBUTION, ETC.
Place of publication, distribution, etc. Philadelphia :
Name of publisher, distributor, etc. Wolters Kluwer Health/Lippincott Williams & Wilkins,
Date of publication, distribution, etc. c2008.
300 ## - PHYSICAL DESCRIPTION
Extent vi, 594 p. :
Other physical details ill. ;
Dimensions 23 cm. + 1 CD-ROM.
504 ## - BIBLIOGRAPHY, ETC. NOTE
Bibliography, etc. note Includes bibliographical references and index.
650 ## - SUBJECT ADDED ENTRY--TOPICAL TERM
Topical term or geographic name entry element 1. Childbirth.
650 ## - SUBJECT ADDED ENTRY--TOPICAL TERM
Topical term or geographic name entry element 2. Maternity nursing.
760 ## - MAIN SERIES ENTRY
Edition 2nd ed.
942 ## - ADDED ENTRY ELEMENTS (KOHA)
Source of classification or shelving scheme Dewey Decimal Classification
Koha item type Book Circulation
Edition 2nd
Classification part Circ.
Suppress in OPAC No
952 ## - LOCATION AND ITEM INFORMATION (KOHA)
--
Holdings
Withdrawn status Lost status Source of classification or shelving scheme Damaged status Not for loan Home library Current library Shelving location Date acquired Source of acquisition Total Checkouts Full call number Barcode Date last seen Copy number Price effective from Koha item type Uniform Resource Identifier
    Dewey Decimal Classification     HM & Nursing Library HM & Nursing Library Circulation 06/18/2009 School Fund   Circ. 618.20231 M425 2008 HMN46584 09/18/2025 c1 09/18/2025 BK-CIRC